000 01105nas a2200349 4500
001 BR0400180
003 BR-BrBNA
005 20231205104257.0
007 ta
008 230509b bl.|||p| |||| 00| 00por d
040 _aBR-BrBNA
_bpor
_cBiblioteca Nacional de Agricultura
041 _a(Pt)
072 _aL53; L10
100 1 _aSilva, A.S.
100 1 _aNogueira, E.
100 1 _aBumlai, F.B.
100 1 _aSalvador, D.
100 1 _aBrito, A.T.
100 1 _aCosta e Silva, E.V.
245 1 _aComparação de três protocolos de sincronização de cio para inseminação artificial em tempo fixo em vacas multíparas de corte
650 _aGADO DE CORTE
650 _aINSEMINAÇÃO ARTIFICIAL
650 _aPRENHEZ
650 _aSINCRONIZAÇÃO DO CIO
650 _aANÁLISE COMPARATIVA
650 _aOVULAÇÃO
650 _aHORMÔNIO
650 _aEFICIÊNCIA REPRODUTIVA
773 0 _tRevista Brasileira de Reprodução Animal (Brazil)
_xISSN 0102-0803
_g(Jul-Sep 2003), v. 27(3) p. 434-436
_wBR0400180
909 _a202311
_bLúcia
_c55
_dLúcia Elande
942 _2AGRIS
_n0
_cANA
999 _c177318
_d177318